000 00824nam a22002297a 4500
999 _c64091
_d64091
005 20240530110714.0
008 180213s2016 ua a g 000 0 ara d
017 _a2015/13270
_bمصر. دار الكتب
020 _a9789772122110
040 _aEG-CaGPL
_cEG-CaGPL
082 0 4 _221
_a953.03/
_bم د
100 0 _aمحمود السيد
245 1 2 _aالدولة الاموية :
_bعوامل الازدهار وتداعيات الانهيار /
_cمحمود السيد .
250 _aط. 1
260 _aالقاهرة :
_bمؤسسة شباب الجامعة ،
_c2016.
300 _a331 ص. ؛
_c24 سم.
650 0 7 _2qrmak
_aالاندلس
650 0 7 _2qrmak
_aالحروب الاهلية
651 0 7 _2qrmak
_aالدول الاموية
942 _2ddc
_cBK